[Event "33ème Open International d'Avoine"]
[Site "Avoine"]
[Date "2018.07.21"]
[Round "5.26"]
[White "Weibel, Theo"]
[Black "Trouve, Guillaume"]
[Result "1-0"]
[WhiteElo "1964"]
[BlackElo "2176"]
[PlyCount "85"]
[EventDate "2018.??.??"]

1. e4 c5 2. Nf3 e6 3. d4 cxd4 4. Nxd4 Nf6 5. Qf3 d5 6. e5 Nfd7 7. Qg3 Nc6 8.
Nxc6 bxc6 9. Bd3 Qb6 10. O-O g6 11. Nd2 Bg7 12. Nf3 Ba6 13. Bxa6 Qxa6 14. Bd2
Qc4 15. c3 Nc5 16. Be3 Nd3 17. b3 Qe4 18. Bd4 c5 19. Rae1 Nxe1 20. Rxe1 Qd3 21.
Bxc5 Qxc3 22. Bd6 Bf8 23. Qg5 Bxd6 24. exd6 O-O 25. Rc1 Qb2 26. h4 f6 27. Qe3
e5 28. Rc7 Qb1+ 29. Kh2 Qf5 30. Qc5 e4 31. Nd4 Qf4+ 32. Kg1 e3 33. Qxd5+ Kh8
34. fxe3 Qxe3+ 35. Kh1 Qe1+ 36. Kh2 Qxh4+ 37. Kg1 Rac8 38. Ne6 Qe1+ 39. Kh2
Rce8 40. Rxh7+ Kxh7 41. Qb7+ Kh6 42. Qg7+ Kh5 43. Qh7+ 1-0

[Event "33ème Open International d'Avoine"]
[Site "Avoine"]
[Date "2018.07.21"]
[Round "5.27"]
[White "Meunier-Pion, Jean"]
[Black "Mathieu, Phileas"]
[Result "1-0"]
[WhiteElo "2170"]
[BlackElo "1935"]
[PlyCount "73"]
[EventDate "2018.??.??"]

1. Nf3 Nf6 2. d4 c5 3. c3 d5 4. e3 Nc6 5. Bd3 Bg4 6. Qa4 c4 7. Be2 a6 8. Nbd2
b5 9. Qd1 e6 10. h3 Bh5 11. g4 Bg6 12. Nh4 Be4 13. Rg1 Bd6 14. g5 Nd7 15. f4 h6
16. Nxe4 dxe4 17. d5 Nc5 18. dxc6 hxg5 19. Ng2 Rxh3 20. Qd4 gxf4 21. exf4 Qb6
22. Be3 O-O-O 23. O-O-O f6 24. Qxe4 Nxe4 25. Bxb6 Bc7 26. Bg4 Rhd3 27. Bxe6+
Kb8 28. Bxc7+ Kxc7 29. Rxd3 cxd3 30. Bd7 Nc5 31. Ne1 g5 32. fxg5 fxg5 33. Kd2
Nxd7 34. cxd7 Rg8 35. Nxd3 Kxd7 36. Nc5+ Kd6 37. Rxg5 1-0

[Event "33ème Open International d'Avoine"]
[Site "Avoine"]
[Date "2018.07.21"]
[Round "5.28"]
[White "Lucidarme, Damien"]
[Black "Mevel, Alberic"]
[Result "1/2-1/2"]
[WhiteElo "1947"]
[BlackElo "2169"]
[PlyCount "72"]
[EventDate "2018.??.??"]

1. e4 d5 2. Nc3 d4 3. Nce2 e5 4. d3 Nc6 5. f4 exf4 6. Bxf4 Nge7 7. Nf3 Ng6 8.
Bg3 Bc5 9. c3 Bg4 10. b4 Bb6 11. b5 Nce7 12. Nfxd4 Bxd4 13. cxd4 Bxe2 14. Bxe2
Qxd4 15. Rb1 O-O 16. Bf2 Qd6 17. d4 f5 18. Bc4+ Kh8 19. e5 Qd7 20. O-O Nd5 21.
Qb3 Nge7 22. Rbe1 c6 23. a4 Nb6 24. Be2 Qd5 25. Qb4 Qe6 26. Bf3 Ned5 27. Qb3
Rad8 28. Rd1 Rd7 29. a5 Nc8 30. Rc1 cxb5 31. Qxb5 Nce7 32. Rfd1 a6 33. Qa4 Nc6
34. Rc5 Nce7 35. Qb3 Nf4 36. Qa4 Nfd5 1/2-1/2

[Event "33ème Open International d'Avoine"]
[Site "Avoine"]
[Date "2018.07.21"]
[Round "5.29"]
[White "Gely, Yann"]
[Black "Neau, Julien"]
[Result "1-0"]
[WhiteElo "2162"]
[BlackElo "1926"]
[PlyCount "57"]
[EventDate "2018.??.??"]

1. e4 d6 2. d4 Nf6 3. Nc3 g6 4. f3 c6 5. Be3 Qb6 6. Qd2 Qxb2 7. Rb1 Qa3 8. Bc4
Nbd7 9. Nge2 e5 10. O-O Qa5 11. f4 exd4 12. Bxd4 Bg7 13. e5 dxe5 14. fxe5 Nxe5
15. Qe3 O-O 16. Qxe5 Qxe5 17. Bxe5 Ng4 18. Bd6 Rd8 19. Bxf7+ Kh8 20. Bf4 Rf8
21. Bb3 Bf5 22. h3 Nf6 23. g4 Ne4 24. Nxe4 Bxe4 25. Ng3 Rae8 26. Rbe1 Bd4+ 27.
Kh2 Bd5 28. Bh6 Rxf1 29. Rxe8+ 1-0

[Event "33ème Open International d'Avoine"]
[Site "Avoine"]
[Date "2018.07.21"]
[Round "5.30"]
[White "Midy, Robin"]
[Black "Nguyen-Cadoret, Nathan"]
[Result "1-0"]
[WhiteElo "2148"]
[BlackElo "1923"]
[PlyCount "73"]
[EventDate "2018.??.??"]

1. d4 Nf6 2. Bg5 g6 3. Bxf6 exf6 4. e3 Bg7 5. g3 O-O 6. Bg2 d5 7. Ne2 f5 8. Nd2
c6 9. O-O Nd7 10. Rc1 Nf6 11. c4 Be6 12. Nf4 g5 13. cxd5 cxd5 14. Nd3 Qe7 15.
Qb3 Ne4 16. Nxe4 fxe4 17. Nc5 Rab8 18. Qa3 a6 19. Nxe6 Qxe6 20. Rc7 Rfc8 21.
Rfc1 Bf8 22. Qc3 Rxc7 23. Qxc7 Bd6 24. Qb6 g4 25. Bf1 h5 26. Be2 Qd7 27. Qa5
Be7 28. Bd1 Bd8 29. Qc3 a5 30. a3 a4 31. Qc5 b5 32. Qc6 Qe6 33. Be2 Be7 34. Bd1
Kg7 35. Rc2 Rb6 36. Qc8 Bf8 37. Rc7 {suite illisible!!!} 1-0

[Event "33ème Open International d'Avoine"]
[Site "Avoine"]
[Date "2018.07.21"]
[Round "5.31"]
[White "Serralta, Michel"]
[Black "Retailleau, Elise"]
[Result "1/2-1/2"]
[WhiteElo "2126"]
[BlackElo "1901"]
[PlyCount "58"]
[EventDate "2018.??.??"]

1. d4 d5 2. c4 e6 3. Nc3 Nf6 4. Bg5 Nbd7 5. e3 Be7 6. Nf3 O-O 7. Bd3 dxc4 8.
Bxc4 c5 9. O-O a6 10. a4 b6 11. Qe2 Bb7 12. Rfd1 Qc7 13. e4 cxd4 14. Nxd4 Bb4
15. f3 Rfc8 16. Ba2 Bxc3 17. bxc3 Qxc3 18. Rac1 Qa5 19. Rxc8+ Rxc8 20. Bxf6
Nxf6 21. Nxe6 Re8 22. Nd8 Bd5 23. Bxd5 Nxd5 24. Qc4 Rxd8 25. exd5 Qc5+ 26. Qxc5
bxc5 27. Kf2 Kf8 28. Ke3 Ke7 29. Ke4 Kd6 1/2-1/2

[Event "33ème Open International d'Avoine"]
[Site "Avoine"]
[Date "2018.07.21"]
[Round "5.32"]
[White "Viers, Emmanuel"]
[Black "Dubois, Thomas"]
[Result "1-0"]
[WhiteElo "2126"]
[BlackElo "1895"]
[PlyCount "41"]
[EventDate "2018.??.??"]

1. d4 f5 2. h3 d6 3. c4 Nf6 4. Nc3 g6 5. Nf3 Bg7 6. e3 O-O 7. Bd3 a6 8. O-O Qe8
9. e4 e5 10. dxe5 dxe5 11. Qc2 f4 12. Nd5 Nxd5 13. cxd5 c6 14. Bc4 Kh8 15. b4
g5 16. Nxg5 Qh5 17. Ne6 f3 18. Qd3 cxd5 19. Nxf8 dxc4 20. Qd8 Nc6 21. Ng6# 1-0

[Event "33ème Open International d'Avoine"]
[Site "Avoine"]
[Date "2018.07.21"]
[Round "5.34"]
[White "Yche, Michel"]
[Black "Kern, Nicolas"]
[Result "1-0"]
[WhiteElo "1924"]
[BlackElo "2104"]
[PlyCount "51"]
[EventDate "2018.??.??"]

1. e4 c5 2. b4 cxb4 3. Nf3 Nf6 4. e5 Nd5 5. Bc4 e6 6. a3 Qc7 7. Bxd5 exd5 8.
axb4 Bxb4 9. c3 Be7 10. O-O b6 11. Re1 O-O 12. Na3 Ba6 13. Nc2 Bc5 14. d4 Be7
15. Ne3 Bc4 16. Nf5 Nc6 17. Re3 a5 18. h4 b5 19. Ng5 f6 20. Nxe7+ Nxe7 21. exf6
Nf5 22. fxg7 Nxg7 23. Qc2 Rf5 24. g4 Rxg5 25. hxg5 Qf4 26. Re8+ 1-0

[Event "33ème Open International d'Avoine"]
[Site "Avoine"]
[Date "2018.07.21"]
[Round "5.35"]
[White "Bex, Lennert"]
[Black "Droin, Augustin"]
[Result "0-1"]
[WhiteElo "1920"]
[BlackElo "2095"]
[PlyCount "94"]
[EventDate "2018.??.??"]

1. d4 Nf6 2. Bf4 e6 3. Nf3 d5 4. e3 Bd6 5. Bg3 O-O 6. Nc3 c5 7. Bxd6 Qxd6 8.
Nb5 Qe7 9. dxc5 a6 10. Nd6 Ne4 11. Nxc8 Qxc5 12. Nd2 Nxd2 13. Qxd2 Rxc8 14. c3
Nd7 15. Be2 b5 16. O-O Nb6 17. Rfc1 Rc6 18. b3 Rac8 19. a4 bxa4 20. Bxa6 axb3
21. Qb2 Nc4 22. Qxb3 Rb6 23. Qd1 Rcb8 24. Qd4 Qxd4 25. cxd4 Nd2 26. Rc8+ Rxc8
27. Bxc8 Rb1+ 28. Rxb1 Nxb1 29. f3 g5 30. Kf2 Nc3 31. Bd7 Kf8 32. Bc6 f5 33.
Ke1 Ke7 34. Kd2 Nb1+ 35. Kd3 Na3 36. Bb7 Nb5 37. Kc2 f4 38. Kd2 fxe3+ 39. Kxe3
Nd6 40. Ba6 Nf5+ 41. Kd3 Nh4 42. g3 Nxf3 43. Ke3 Nxh2 44. Be2 g4 45. Kf4 Kf6
46. Bxg4 Nxg4 47. Kxg4 e5 0-1

[Event "33ème Open International d'Avoine"]
[Site "Avoine"]
[Date "2018.07.21"]
[Round "5.36"]
[White "Cau, Benjamin"]
[Black "Montibus, Clement"]
[Result "1-0"]
[WhiteElo "2093"]
[BlackElo "1370"]
[PlyCount "61"]
[EventDate "2018.??.??"]

1. e4 e5 2. Nf3 d6 3. d4 Bg4 4. dxe5 Bxf3 5. Qxf3 dxe5 6. Bc4 Nf6 7. Qb3 Qe7 8.
Bxf7+ Qxf7 9. Qxb7 Bc5 10. Be3 Bxe3 11. fxe3 O-O 12. Qxa8 Ng4 13. Qd5 Nxe3 14.
Qxf7+ Rxf7 15. Na3 Nxg2+ 16. Kd2 Rf2+ 17. Kc3 Re2 18. b3 Rxe4 19. Rad1 Nc6 20.
Rd7 Nf4 21. Kb2 Ne6 22. Nb5 Nb8 23. Re7 Nf8 24. Nc3 Rh4 25. Rxe5 Nbd7 26. Ra5
Nf6 27. Rxa7 Ng4 28. Rxc7 Nf2 29. Rg1 Rxh2 30. Rcxg7+ Kh8 31. Rg8# 1-0

[Event "33ème Open International d'Avoine"]
[Site "Avoine"]
[Date "2018.07.21"]
[Round "5.37"]
[White "Joly, Julien"]
[Black "Kocur, Johan"]
[Result "1-0"]
[WhiteElo "1917"]
[BlackElo "2077"]
[PlyCount "65"]
[EventDate "2018.??.??"]

1. e4 c5 2. Nf3 e6 3. Nc3 d6 4. d4 cxd4 5. Nxd4 Nf6 6. g4 h6 7. h4 Be7 8. Rg1
d5 9. exd5 Nxd5 10. Nxd5 Qxd5 11. Bg2 Qa5+ 12. Bd2 Qb6 13. Nb3 Bxh4 14. Qe2 Nc6
15. Be3 Qc7 16. O-O-O Bg5 17. Rh1 Qe5 18. Bxc6+ bxc6 19. Bxg5 Qxg5+ 20. Kb1 f6
21. f4 Qxf4 22. g5 Qxg5 23. Rhg1 Qe5 24. Qg2 Bd7 25. Qg6+ Kd8 26. Qxg7 Kc7 27.
Qxd7+ Kb6 28. Rg4 a5 29. Rg7 Rhb8 30. a4 h5 31. Rd6 Qe1+ 32. Ka2 Qb4 33. Rxc6#
1-0

[Event "33ème Open International d'Avoine"]
[Site "Avoine"]
[Date "2018.07.21"]
[Round "5.38"]
[White "Imperor, Lorene"]
[Black "Fruteau, Sabine"]
[Result "1/2-1/2"]
[WhiteElo "1914"]
[BlackElo "2071"]
[PlyCount "172"]
[EventDate "2018.??.??"]

1. d4 Nf6 2. c4 e6 3. Nc3 d5 4. Bg5 Be7 5. cxd5 exd5 6. e3 c6 7. Bd3 Nbd7 8.
Qc2 O-O 9. Nge2 Re8 10. O-O h6 11. Bh4 Ne4 12. Bxe7 Qxe7 13. Rae1 Ndf6 14. f3
Nxc3 15. Nxc3 c5 16. Qf2 cxd4 17. exd4 Be6 18. Re5 a6 19. Kh1 Qd6 20. g4 Nd7
21. Rh5 Nf6 22. Rh4 Bd7 23. Rg1 g5 24. Rh3 Qf4 25. Rf1 Kg7 26. Bb1 Rac8 27. Rg3
Rc4 28. Ne2 Qd2 29. Rg2 Rc7 30. Ng3 Qf4 31. Qd2 Qxd2 32. Rxd2 Bb5 33. Rfd1 Kf8
34. Kg2 a5 35. Kf2 Bd7 36. Nf5 h5 37. h3 Bxf5 38. Bxf5 Kg7 39. Re2 Rh8 40. Kg3
hxg4 41. hxg4 Ne8 42. Re5 Nd6 43. Bd3 f6 44. Rxd5 Nc8 45. Rxa5 Ne7 46. d5 Ng6
47. d6 Rd7 48. Bf5 Rdd8 49. Rb5 Rb8 50. Bxg6 Kxg6 51. d7 Rhd8 52. f4 gxf4+ 53.
Kxf4 Kf7 54. Rb6 Ke7 55. Kf5 Ra8 56. Re1+ Kxd7 57. Rxb7+ Kc6 58. Ree7 Rxa2 59.
Kxf6 Rf8+ 60. Kg7 Raa8 61. g5 Rg8+ 62. Kf6 Raf8+ 63. Rf7 Rd8 64. Rbc7+ Kb6 65.
Rcd7 Rc8 66. Rd6+ Kc5 67. Re6 Rb8 68. Re2 Rb6+ 69. Kf5 Kd4 70. Rd7+ Kc5 71.
Rc2+ Kb4 72. Rg2 Rb5+ 73. Kf6 Rb6+ 74. Kf7 Rbg6 75. Rd5 Kc4 76. Rf5 R8g7+ 77.
Kf8 Rg8+ 78. Ke7 R8g7+ 79. Rf7 Rg8 80. Rg4+ Kd3 81. b4 Rxg5 82. Rf3+ Kc2 83.
Rc4+ Kb2 84. Rc6 Rb5 85. Rc4 Rgb8 86. Re4 Rxb4 1/2-1/2

[Event "33ème Open International d'Avoine"]
[Site "Avoine"]
[Date "2018.07.21"]
[Round "5.39"]
[White "Mauffrey, Victor"]
[Black "Le, Quan Anh"]
[Result "0-1"]
[WhiteElo "1844"]
[BlackElo "2068"]
[PlyCount "86"]
[EventDate "2018.??.??"]

1. Nf3 c5 2. e4 Nc6 3. d4 cxd4 4. Nxd4 Nf6 5. Nc3 e5 6. Ndb5 d6 7. Bg5 a6 8.
Na3 b5 9. Nd5 Be7 10. Nxe7 Qxe7 11. Bxf6 Qxf6 12. Qd5 Bb7 13. Be2 O-O 14. O-O
Rab8 15. Qd2 Nd4 16. c3 Ne6 17. f3 Rfd8 18. Rfd1 d5 19. exd5 Rxd5 20. Qe3 Nf4
21. Rxd5 Qg5 22. Qxf4 Qxf4 23. Rd7 Bc6 24. Rd6 Rc8 25. Rad1 g6 26. Rd8+ Rxd8
27. Rxd8+ Kg7 28. Rd1 e4 29. Nc2 exf3 30. Bxf3 Bxf3 31. gxf3 Qxf3 32. Rd2 Qf4
33. Re2 h5 34. a3 h4 35. Nd4 h3 36. Rc2 g5 37. Re2 Kg6 38. Rc2 g4 39. Re2 f5
40. Rc2 Qe3+ 41. Kf1 f4 42. Re2 Qc1+ 43. Kf2 Qh1 0-1

[Event "33ème Open International d'Avoine"]
[Site "Avoine"]
[Date "2018.07.21"]
[Round "5.40"]
[White "Deslandes, Pascal"]
[Black "Prevot, Rodolphe"]
[Result "1-0"]
[WhiteElo "2362"]
[BlackElo "1891"]
[PlyCount "61"]
[EventDate "2018.??.??"]

1. e4 c5 2. c3 d5 3. exd5 Qxd5 4. d4 Nf6 5. Nf3 Bg4 6. Be2 e6 7. h3 Bh5 8. O-O
Nc6 9. Be3 cxd4 10. cxd4 Be7 11. Nc3 Qd6 12. Qb3 O-O 13. Rfd1 Nb4 14. Nb5 Qb8
15. Rac1 Nbd5 16. g4 Bg6 17. Ne5 a6 18. Na3 Qd6 19. Nac4 Qb4 20. Qxb4 Bxb4 21.
Nxg6 hxg6 22. Rc2 Rfd8 23. a3 Bf8 24. Rdc1 Rac8 25. Na5 Rxc2 26. Rxc2 Rb8 27.
Bf3 Bd6 28. Rc1 Bf4 29. Bxf4 Nxf4 30. Nxb7 Rxb7 31. Rc8+ 1-0

[Event "33ème Open International d'Avoine"]
[Site "Avoine"]
[Date "2018.07.21"]
[Round "5.41"]
[White "Eugene, Floryan"]
[Black "Gattuso, Christophe"]
[Result "1-0"]
[WhiteElo "2332"]
[BlackElo "1880"]
[PlyCount "77"]
[EventDate "2018.??.??"]

1. e4 c5 2. Nf3 Nc6 3. Bb5 Qb6 4. Nc3 e6 5. Bxc6 Qxc6 6. O-O b5 7. d3 d6 8. Qe2
b4 9. Nd5 Be7 10. Nxe7 Nxe7 11. Bg5 e5 12. Bxe7 Kxe7 13. Nd2 h5 14. f4 a5 15.
Qf2 exf4 16. Qxf4 Be6 17. Nf3 Raf8 18. Qg5+ Ke8 19. Nh4 Qd7 20. Qxg7 Rhg8 21.
Qf6 Rg4 22. Rf4 Qe7 23. Qxe7+ Kxe7 24. Rxg4 Bxg4 25. a3 Rb8 26. axb4 axb4 27.
Kf2 Rb6 28. Ke3 Be6 29. Nf3 Kf6 30. Kf4 d5 31. Ra5 dxe4 32. dxe4 Rc6 33. Ne5
Rc7 34. Nd3 b3 35. cxb3 Bxb3 36. Rxc5 Rd7 37. Ke3 h4 38. Rf5+ Kg6 39. Ne5+ 1-0

[Event "33ème Open International d'Avoine"]
[Site "Avoine"]
[Date "2018.07.21"]
[Round "5.42"]
[White "Bourdeaux, Gabin"]
[Black "Poignot, Quentin"]
[Result "0-1"]
[WhiteElo "1894"]
[BlackElo "2191"]
[PlyCount "60"]
[EventDate "2018.??.??"]

1. e4 d5 2. exd5 Nf6 3. d4 Bg4 4. Bb5+ Nbd7 5. Nf3 Nxd5 6. O-O e6 7. h3 Bh5 8.
c4 N5f6 9. Re1 c6 10. Ba4 Bb4 11. Bd2 Bxd2 12. Nbxd2 O-O 13. b4 Qc7 14. Rc1
Rad8 15. g4 Bg6 16. b5 c5 17. Bc2 cxd4 18. Nxd4 Nc5 19. N4b3 Nd3 20. Bxd3 Rxd3
21. Kg2 Ne4 22. Qe2 Rg3+ 23. fxg3 Qxg3+ 24. Kf1 Nxd2+ 25. Qxd2 Bd3+ 26. Re2
Qf3+ 27. Ke1 Qh1+ 28. Kf2 Qh2+ 29. Ke3 Qg3+ 30. Kd4 Rd8+ 0-1

[Event "33ème Open International d'Avoine"]
[Site "Avoine"]
[Date "2018.07.21"]
[Round "5.43"]
[White "Selebran, Henri"]
[Black "Tardi, Oscar"]
[Result "0-1"]
[WhiteElo "2183"]
[BlackElo "1868"]
[PlyCount "58"]
[EventDate "2018.??.??"]

1. e4 d6 2. d4 Nf6 3. Nc3 Nbd7 4. g3 e5 5. Nge2 Be7 6. Bg2 O-O 7. O-O c6 8. a4
a5 9. h3 Nb6 10. f4 exd4 11. Nxd4 d5 12. e5 Ne4 13. Nxe4 dxe4 14. g4 Bc5 15. c3
f5 16. exf6 Qxf6 17. Re1 Be6 18. Rxe4 Rad8 19. f5 Bd5 20. Rf4 Rfe8 21. Bf1 Qh4
22. Qd3 Bc4 23. Qf3 Re1 24. Qg2 Rde8 25. Kh2 Bxf1 26. Rxf1 Bxd4 27. cxd4 R8e2
28. Bg5 Rxg2+ 29. Kxg2 Rxf1 0-1

[Event "33ème Open International d'Avoine"]
[Site "Avoine"]
[Date "2018.07.21"]
[Round "5.44"]
[White "Canivet, Arnaud"]
[Black "Roger, Mehdi"]
[Result "0-1"]
[WhiteElo "1857"]
[BlackElo "2177"]
[PlyCount "42"]
[EventDate "2018.??.??"]

1. c4 Nf6 2. d4 e5 3. e3 exd4 4. exd4 d5 5. b3 Bb4+ 6. Bd2 Qe7+ 7. Qe2 Nc6 8.
Qxe7+ Bxe7 9. Be3 Nb4 10. Na3 Bf5 11. Nf3 c6 12. c5 Ne4 13. Bd2 Nxd2 14. Kxd2
O-O 15. Ne1 b6 16. cxb6 axb6 17. Nec2 Rfe8 18. h4 Nxc2 19. Nxc2 Bxc2 20. Kxc2
Bf6 21. Kc3 c5 0-1

[Event "33ème Open International d'Avoine"]
[Site "Avoine"]
[Date "2018.07.21"]
[Round "5.45"]
[White "Bernhard, Simon"]
[Black "Merenciano, Alexandre"]
[Result "0-1"]
[WhiteElo "1863"]
[BlackElo "2139"]
[PlyCount "54"]
[EventDate "2018.??.??"]

1. e4 e6 2. d4 d5 3. e5 c5 4. c3 Nc6 5. Nf3 Qb6 6. Be2 Bd7 7. O-O cxd4 8. cxd4
Nh6 9. Nc3 a6 10. Bxh6 gxh6 11. Qd2 Na5 12. b3 Bg7 13. Rac1 O-O 14. Bd3 Rfc8
15. Bb1 Qb4 16. Qd3 Kf8 17. Rfe1 Rc6 18. Re3 Rac8 19. Nh4 Bxe5 20. Rf3 Qxd4 21.
Qxh7 Bf6 22. Bg6 Be8 23. Bxf7 Bxf7 24. Qxh6+ Ke7 25. Nf5+ exf5 26. Re1+ Re6 27.
Rxe6+ Bxe6 0-1

[Event "33ème Open International d'Avoine"]
[Site "Avoine"]
[Date "2018.07.21"]
[Round "5.46"]
[White "Maloberti, David"]
[Black "Lombart, Philippe"]
[Result "1-0"]
[WhiteElo "2136"]
[BlackElo "1852"]
[PlyCount "63"]
[EventDate "2018.??.??"]

1. d4 d5 2. c4 e6 3. Nc3 Bb4 4. Nf3 Nf6 5. Bg5 h6 6. Bxf6 Qxf6 7. e3 O-O 8. Rc1
Nd7 9. a3 Bxc3+ 10. Rxc3 c5 11. cxd5 cxd4 12. Qxd4 Qxd4 13. Nxd4 exd5 14. Kd2
Nf6 15. f3 Be6 16. Bd3 Rfc8 17. Rhc1 Rxc3 18. Rxc3 Rc8 19. Rxc8+ Bxc8 20. Nb5
Ne8 21. Nxa7 Nd6 22. Nxc8 Nxc8 23. Kc3 b6 24. Kd4 Ne7 25. Ke5 Kf8 26. Kd6 b5
27. b3 b4 28. axb4 Ke8 29. b5 Kd8 30. g4 g6 31. h4 g5 32. h5 1-0

[Event "33ème Open International d'Avoine"]
[Site "Avoine"]
[Date "2018.07.21"]
[Round "5.47"]
[White "Aubert, Estee"]
[Black "Defromont, Benjamin"]
[Result "1/2-1/2"]
[WhiteElo "1854"]
[BlackElo "2132"]
[PlyCount "237"]
[EventDate "2018.??.??"]

1. Nf3 Nf6 2. g3 d5 3. Bg2 c6 4. c4 e6 5. d4 Bd6 6. b3 Ne4 7. O-O Qe7 8. Bb2
O-O 9. Nbd2 f5 10. Ne1 b6 11. Nd3 Nd7 12. f3 Nxd2 13. Qxd2 Nf6 14. Rae1 Bb7 15.
e3 Rac8 16. Nf2 dxc4 17. bxc4 Bb4 18. Bc3 Bxc3 19. Qxc3 c5 20. Nd3 cxd4 21.
exd4 Ba6 22. Nb2 Rfd8 23. Rf2 Qd7 24. Rd2 Bxc4 25. Nxc4 b5 26. Bf1 Nd5 27. Qb3
bxc4 28. Bxc4 Rb8 29. Qd3 Rb6 30. Qe2 Rc8 31. Bb3 Rc3 32. Rd3 Rc8 33. Qe5 Rd8
34. Rd2 a5 35. Rb2 Kh8 36. Rd2 a4 37. Bc4 h6 38. a3 Qc6 39. Qe2 Qd6 40. Qd3 Rc8
41. Re5 Rxc4 42. Qxc4 Qxa3 43. Kf2 Qb4 44. Qxb4 Nxb4 45. Ra5 Kg8 46. Rxa4 Kf7
47. Ke2 Nd5 48. Ra7+ Kf6 49. Ra3 Kf7 50. Kd3 Rb1 51. Kc4 Rc1+ 52. Kb5 Kf6 53.
Rb3 Rc8 54. Rdb2 Rc1 55. Ra3 Rc8 56. Rab3 Rc1 57. Rf2 Rc8 58. Rbb2 Nc3+ 59. Ka6
Nd5 60. Kb7 Rc4 61. Rfd2 Rc3 62. Rf2 Rc4 63. Rbd2 Ke7 64. Rfe2 Kd7 65. Ka6 Rc3
66. f4 Rc4 67. Kb5 Rc8 68. Rf2 Nc3+ 69. Kb4 Ne4 70. d5 Nxf2 71. dxe6+ Kxe6 72.
Rxf2 g5 73. Re2+ Kf6 74. Rf2 Rc1 75. Kb3 Rh1 76. Kc4 gxf4 77. gxf4 Re1 78. Kd3
Re4 79. Rf3 Kg6 80. Kd2 Re6 81. Rh3 Re4 82. Rf3 Kh5 83. Rh3+ Kg4 84. Rxh6 Rxf4
85. Ke2 Ra4 86. Kf2 Ra2+ 87. Kg1 f4 88. Rb6 Ra3 89. Rg6+ Kf3 90. h4 Ra1+ 91.
Kh2 Ke3 92. Re6+ Kf2 93. Rb6 Kf3 94. Rg6 Ra2+ 95. Kh1 Ra5 96. Kh2 Ke3 97. Rb6
Ke4 98. Rb3 Kf5 99. Kh3 Re5 100. Ra3 Re1 101. Ra5+ Ke4 102. Ra4+ Kf3 103. Ra3+
Re3 104. Ra1 Ke4+ 105. Kh2 Kf5 106. Rg1 Re2+ 107. Kh3 Ke4 108. Ra1 f3 109. Ra4+
Ke3 110. Ra3+ Kf2 111. h5 Rb2 112. h6 Rb6 113. Ra2+ Kg1 114. Ra1+ Kf2 115. Ra2+
Ke3 116. Ra3+ Kf4 117. Ra4+ Kg5 118. Kg3 Kxh6 119. Kxf3 1/2-1/2

[Event "33ème Open International d'Avoine"]
[Site "Avoine"]
[Date "2018.07.21"]
[Round "5.48"]
[White "Deschin, Pierre-Antoine"]
[Black "El Fakkak, Radouan"]
[Result "0-1"]
[WhiteElo "2131"]
[BlackElo "1858"]
[PlyCount "110"]
[EventDate "2018.??.??"]

1. Nf3 e6 2. c4 d5 3. g3 Nf6 4. d4 c6 5. Bg2 Bb4+ 6. Bd2 Be7 7. O-O O-O 8. Qc2
Nbd7 9. Rd1 b6 10. Bf4 Bb7 11. Nc3 Rc8 12. e4 Nxe4 13. Nxe4 dxe4 14. Qxe4 Nf6
15. Qc2 Qe8 16. Qa4 a6 17. Qb3 b5 18. a4 c5 19. axb5 axb5 20. Qxb5 Bc6 21. Qb3
cxd4 22. Nxd4 Bxg2 23. Kxg2 Bc5 24. Nb5 e5 25. Be3 Qc6+ 26. Kg1 Qf3 27. Rd3 e4
28. Rc3 Qf5 29. Bxc5 Rxc5 30. Qd1 Ng4 31. f3 exf3 32. Qxf3 Qh5 33. Rc2 Rf5 34.
Qe4 Re5 35. Qf4 Rfe8 36. Rf1 f6 37. Nc3 Ne3 38. Rcf2 Nxf1 39. Rxf1 Re1 40. Nd5
Qh3 41. Nc3 Qe6 42. Rxe1 Qxe1+ 43. Kg2 Qa1 44. Qd2 Rb8 45. Nb5 Qa8+ 46. Kh3 Rd8
47. Qe2 Qc8+ 48. Kg2 Qc6+ 49. Kh3 Qd7+ 50. Qg4 f5 51. Qf4 h6 52. b3 Qf7 53. Nd6
Qh5+ 54. Kg2 Qe2+ 55. Kg1 Qd1+ 0-1

[Event "33ème Open International d'Avoine"]
[Site "Avoine"]
[Date "2018.07.21"]
[Round "5.49"]
[White "Nottola, Adrien"]
[Black "Batteux, Mickael"]
[Result "0-1"]
[WhiteElo "1855"]
[BlackElo "2106"]
[PlyCount "53"]
[EventDate "2018.??.??"]

1. e4 Nf6 2. d3 d6 3. Nf3 g6 4. Nbd2 c5 5. g3 Bg7 6. Bg2 Nc6 7. O-O O-O 8. c3
Bd7 9. Re1 Rc8 10. Nf1 b5 11. Ne3 b4 12. c4 Ng4 13. Nc2 Rb8 14. h3 Nf6 15. d4
cxd4 16. Ncxd4 Nxd4 17. Nxd4 Qc8 18. e5 dxe5 19. Rxe5 Qxc4 20. Bf1 Qc8 21. Bf4
Qd8 22. Qe1 Rb6 23. Nb3 Nh5 24. Rd5 Nxf4 25. gxf4 Qc8 26. Qxe7 Bxh3 27. Be2 0-1

[Event "33ème Open International d'Avoine"]
[Site "Avoine"]
[Date "2018.07.21"]
[Round "5.50"]
[White "Englisch, Colya"]
[Black "Troubat, Alexandre"]
[Result "1-0"]
[WhiteElo "2097"]
[BlackElo "1843"]
[PlyCount "51"]
[EventDate "2018.??.??"]

1. Nf3 c5 2. d4 Nf6 3. g3 g6 4. Bg2 Bg7 5. O-O O-O 6. c4 cxd4 7. Nxd4 Nc6 8.
Nc3 Nxd4 9. Qxd4 d6 10. Bg5 Be6 11. Qf4 Qa5 12. Rac1 Rfc8 13. b3 Rc5 14. Bxf6
Rf5 15. Qe4 Bxf6 16. Qxb7 Rd8 17. Ne4 Qxa2 18. Nxf6+ exf6 19. Ra1 Qxe2 20. Rxa7
Kg7 21. Qe7 Rb8 22. Bh3 Rxb3 23. Ra8 Kh6 24. Bxf5 gxf5 25. Qxf6+ Kh5 26. Qh4+
1-0

[Event "33ème Open International d'Avoine"]
[Site "Avoine"]
[Date "2018.07.21"]
[Round "6.1"]
[White "Ortiz Suarez, Isan Reynaldo"]
[Black "Bailet, Pierre"]
[Result "1/2-1/2"]
[WhiteElo "2548"]
[BlackElo "2503"]
[PlyCount "90"]
[EventDate "2018.??.??"]

1. Nf3 {[%emt 0:00:03]} Nf6 {[%emt 0:00:31]} 2. c4 {[%emt 0:00:08]} g6 {
[%emt 0:01:00]} 3. g3 {[%emt 0:00:09]} Bg7 {[%emt 0:00:08]} 4. Bg2 {
[%emt 0:00:10]} O-O {[%emt 0:00:55]} 5. O-O {[%emt 0:00:37]} c6 {[%emt 0:01:22]
} 6. b3 {[%emt 0:02:42]} Ne4 {[%emt 0:03:07]} 7. d4 {[%emt 0:00:10]} d5 {
[%emt 0:00:13]} 8. Bb2 {[%emt 0:01:24]} Bf5 {[%emt 0:01:56]} 9. Nbd2 {
[%emt 0:08:49]} Nd7 {[%emt 0:07:17]} 10. Nh4 {[%emt 0:06:41]} Nxd2 {
[%emt 0:01:23]} 11. Qxd2 {[%emt 0:00:04]} Be6 {[%emt 0:03:28]} 12. cxd5 {
[%emt 0:05:27]} cxd5 {[%emt 0:01:38]} 13. Rfc1 {[%emt 0:00:04]} a5 {
[%emt 0:20:16]} 14. Nf3 {[%emt 0:04:43]} Bg4 {[%emt 0:01:55]} 15. Ne5 {
[%emt 0:03:29]} Nxe5 {[%emt 0:04:08]} 16. dxe5 {[%emt 0:00:11]} a4 {
[%emt 0:08:00]} 17. Qxd5 {[%emt 0:05:33]} Bxe2 {[%emt 0:01:30]} 18. Qxb7 {
[%emt 0:01:47]} Rb8 {[%emt 0:17:28]} 19. Qe4 {[%emt 0:01:08]} Bb5 {
[%emt 0:00:04]} 20. Rd1 {[%emt 0:02:04]} Qb6 {[%emt 0:00:35]} 21. Bd4 {
[%emt 0:03:13]} Qe6 {[%emt 0:00:39]} 22. Qe3 {[%emt 0:11:15]} Bc6 {
[%emt 0:11:18]} 23. Bxc6 {[%emt 0:00:56]} Qxc6 {[%emt 0:00:07]} 24. Rac1 {
[%emt 0:00:43]} Qb5 {[%emt 0:01:21]} 25. Rc5 {[%emt 0:04:16]} Qd7 {
[%emt 0:00:58]} 26. Rc3 {[%emt 0:05:20]} axb3 {[%emt 0:01:16]} 27. axb3 {
[%emt 0:00:07]} h5 {[%emt 0:01:56]} 28. e6 {[%emt 0:10:05]} Qxe6 {
[%emt 0:02:03]} 29. Qxe6 {[%emt 0:00:06]} fxe6 {[%emt 0:00:06]} 30. Bxg7 {
[%emt 0:00:05]} Kxg7 {[%emt 0:00:06]} 31. Rd7 {[%emt 0:05:35]} Kf7 {
[%emt 0:02:09]} 32. Kg2 {[%emt 0:04:35]} Rb5 {[%emt 0:02:03]} 33. Rf3+ {
[%emt 0:02:22]} Rf5 {[%emt 0:03:05]} 34. Rd2 {[%emt 0:00:57]} Rb8 {
[%emt 0:00:36]} 35. Rb2 {[%emt 0:00:31]} Rb4 {[%emt 0:00:21]} 36. h4 {
[%emt 0:00:07]} e5 {[%emt 0:03:42]} 37. Re3 {[%emt 0:12:19]} e4 {[%emt 0:01:26]
} 38. Rc2 {[%emt 0:00:21]} Rfb5 {[%emt 0:03:42]} 39. Rcc3 {[%emt 0:00:09]} Kf6
{[%emt 0:01:38]} 40. Kf1 {[%emt 0:00:10]} Kf5 {[%emt 0:01:53]} 41. Kg2 {
[%emt 0:09:48]} e5 {[%emt 0:02:57]} 42. Kh3 {[%emt 0:07:31]} Rb6 {
[%emt 0:01:15]} 43. Rc8 {[%emt 0:06:12]} Rxb3 {[%emt 0:03:54]} 44. Rf8+ {
[%emt 0:00:06]} Ke6 {[%emt 0:00:08]} 45. Rxe4 {[%emt 0:00:08]} Rb8 {
[%emt 0:00:07]} 1/2-1/2